000 01100cam a2200301 i 4500
003 OSt
005 20260302111115.0
008
020 _a9780323395496 (Paperback)
_cUSD 23.00
040 _aNUST
_cNUST
_beng
_dNUST
_erda
050 _aRB113.L47 GOO
100 1 _aGoodman, Catherine Cavallaro
_eAuthor
245 1 0 _aPathology for the physical therapist assistant /
_cCatherine Cavallaro Goodman and Kender S. Fuller ; edited by Charlene Marshall.
250 _aSecond edition.
260 _aSt. Louis, Missouri :
_bElsevier,
_c©2017.
300 _axi, 814 pages :
_bIllustrations ;
_c28 cm.
336 _atext
_btxt
_2rdacontent
337 _aunmediated
_bn
_2rdamedia
338 _avolume
_bnc
_2rdacarrier
504 _aIncludes index.
650 0 _aPhysiology, Pathological.
650 0 _aPhysical therapy assistants.
650 1 2 _aPathology.
650 2 2 _aPhysical therapy modalities.
700 _aFuller, Kenda S.
_eAuthor
700 _aMarshall, Charlene
_eEditor
942 _cBOOKS
_kRB
_mGOO
_2lcc
_eSecond edition
_hRB113.L47
_n0
999 _c122179
_d122179